Applid chemistry-I for B. E. degree student : (Record no. 39938)

MARC details
000 -LEADER
fixed length control field 00757nam a22002297a 4500
005 - DATE AND TIME OF LATEST TRANSACTION
control field 20100806154617.0
010 ## - LCCN (DPL NO)
LC control number ENG-98720
020 ## - INTERNATIONAL STANDARD BOOK NUMBER
Terms of availability 100.00
International Standard Book Number 9788190630146
035 ## - SYSTEM CONTROL NUMBER
System control number EN-82252
037 ## - SOURCE OF ACQUISITION
Source of stock number/acquisition DBAD/PUB
082 ## - DEWEY DECIMAL CLASSIFICATION NUMBER
Classification number 660
100 ## - MAIN ENTRY--PERSONAL NAME
Personal name Elangovan, K.
245 ## - TITLE STATEMENT
Title Applid chemistry-I for B. E. degree student :
Statement of responsibility, etc by K. Elangovan
Remainder of title an easy approach /
250 ## - EDITION STATEMENT
Edition statement 6th ed.
260 ## - PUBLICATION, DISTRIBUTION, ETC. (IMPRINT)
Place of publication, distribution, etc Karaikudi
Name of publisher, distributor, etc National Pathippaham
Date of publication, distribution, etc 1999
270 ## - ADDRESS
Address 19, Church Fourth Street, T. T. Nager,
City Karaikudi
Postal code 630001
300 ## - PHYSICAL DESCRIPTION
Extent 248 p.
Dimensions 20 cm. (Pbk)
650 ## - SUBJECT ADDED ENTRY--TOPICAL TERM
Topical term or geographic name as entry element Chemistry
700 ## - ADDED ENTRY--PERSONAL NAME
9 (RLIN) 7380
942 ## - ADDED ENTRY ELEMENTS (KOHA)
Source of classification or shelving scheme Dewey Decimal Classification
Item type English Books
Classification part 660
Call number suffix ELA
Holdings
Withdrawn status Lost status Not for loan Collection code Home library Current library Date acquired Cost, normal purchase price Full call number Barcode Copy number Cost, replacement price Koha item type
    Not For Loan Non-fiction D.B.Act.Division D.B.Act.Division 06/08/2010 100.00 660 ELA EN-82252 1 100.00 English Books

© Delhi Public Library
Hit Counter
free hit counter